Science Quiz

Random Science or Chemistry Quiz
Score 0/23 Timer 01:00
31 Plays Today
Letter Element % Correct
CCadmium, Calcium, Californium, Carbon, Cerium, Cesium, Chlorine, Chromium, Cobalt, Copernicium, Copper, Curium
94.9%
BBarium, Berkelium, Beryllium, Bismuth, Bohrium, Boron, Bromine
91.6%
AActinium, Aluminum, Americium, Antimony, Argon, Arsenic, Astatine
87.7%
NNeodymium, Nihonium, Neon, Neptunium, Nickel, Niobium, Nitrogen, Nobelium
78.1%
HHafnium, Hassium, Helium, Holmium, Hydrogen
77.2%
IIndium, Iodine, Iridium, Iron
75.6%
OOsmium, Oxygen, Oganesson
74.8%
PPalladium, Phosphorus, Platinum, Plutonium, Polonium, Potassium, Praseodymium, Promethium, Protactinium
67.4%
GGadolinium, Gallium, Germanium, Gold
67.4%
SSamarium, Scandium, Seaborgium, Selenium, Silicon, Silver, Sodium, Strontium, Sulfur
65.5%
MMagnesium, Moscovium, Manganese, Meitnerium, Mendelevium, Mercury, Molybdenum
64.8%
LLanthanum, Lawrencium, Lead, Lithium, Lutetium, Livermorium
63.4%
Letter Element % Correct
FFermium, Fluorine, Francium, Flerovium
59.7%
TTantalum, Tennessine, Technetium, Tellurium, Terbium, Thallium, Thorium, Thulium, Tin, Titanium, Tungsten
56.2%
RRadium, Radon, Rhenium, Rhodium, Roentgenium, Rubidium, Ruthenium, Rutherfordium
52.9%
UUranium
46.2%
EEinsteinium, Erbium, Europium
45.8%
XXenon
44.7%
ZZinc, Zirconium
42.7%
KKrypton
41.6%
YYtterbium, Yttrium
30.4%
VVanadium
27.6%
DDarmstadtium, Dubnium, Dysprosium
24.1%
Remove Ads.
Support Sporcle.
Get the best of Sporcle when you Go Orange. This ad-free experience offers more features, more stats, and more fun while also helping to support Sporcle. Thank you for becoming a member.

You're not logged in!

Compare scores with friends on all Sporcle quizzes.
OR
Log In

Show Comments

Extras

Top Quizzes Today


Score Distribution

Your Account Isn't Verified!

In order to create a playlist on Sporcle, you need to verify the email address you used during registration. Go to your Sporcle Settings to finish the process.

Report this User

Report this user for behavior that violates our Community Guidelines.

Details: